| 000 | 01120nam a2200289 a 4500 | ||
|---|---|---|---|
| 001 | 000004179 | ||
| 003 | DO-SdBNP | ||
| 005 | 20240430111442.0 | ||
| 007 | ta | ||
| 008 | 090720s2005 dr ac 001 0 spa d | ||
| 020 | _a0974854263 | ||
| 040 |
_aDO-SdBNP _bspa _cBNPHU |
||
| 082 | 4 | _222 | |
| 245 | 1 | 0 |
_aAna y su anorexia : _bmás alláde no comer / _cproductor editorial Augusto Ramírez Ibáñez ; editoras Guillermina Sánchez López ; Ángela Rosa Rivera Carrasquillo ; colabordora Carmen Delia Sánchez ; Luis Raúl Colón Rivera |
| 260 |
_aSan Juan, Puerto Rico : _bEditorial la Biblioteca, _c2005. |
||
| 300 |
_a140 p. ; _c21 cm. |
||
| 500 | _aIncluye índice | ||
| 504 | _aBibliografías : p. 133-136 | ||
| 590 | _aInventariado, 2023/BT | ||
| 700 | 1 |
_aAlemán, José Luis, _eproducción editorial _97046 |
|
| 700 | 1 |
_aSánchez López, Guillermina, _eeditora _983172 |
|
| 700 | 1 |
_aRivera Carrasquillo, Ángela Rosa, _eeditora _983173 |
|
| 700 | 1 |
_aColón Rivera, Luis Raúl, _ecolaborador _983174 |
|
| 700 | 1 |
_aSánchez López, Carmen Delia, _ecolaboradora _983175 |
|
| 910 | _aBtavárez | ||
| 942 |
_2ddc _cLBS1 |
||
| 999 |
_c3994 _d3994 |
||